Paesi più visitati in Asia - Statistics

Statistiche generali
  • Questo quiz è stato fatto 293 volte
  • Il punteggio medio è 8 su 11
Statistiche sulle risposte
Turisti (2016/2017) Paesi % Corretto
60.7 million Cina
99%
28.7 million . Giappone
96%
15.5 million India
96%
12.9 million Indonesia
83%
35.4 million Thailandia
83%
13.3 million Corea del Sud
80%
18.0 million Arabia Saudita
64%
14.9 million Emirati Arabi Uniti
62%
26.0 million Malesia
61%
13.9 million Singapore
58%
30.3 million Turchia
58%
Nessun quiz corrispondente trovato
Distribuzione punteggi
Percentuale di utenti per punteggio
Percentile per numero di risposta
I tuoi punteggi nel tempo
Non hai fatto questo quiz